000
00346nam a2200157Ia 4500
100
_a
Deshpande/M.V
650
_a
Electrical Machines
942
_c
BK
366
_f
27
245
_a
Electrical machines
260
_b
Prentice Hall of India
_c
2011
082
_a
621.31042
_b
DES
300
_a
430
546
_a
ENGLISH
_c
PAMPHALETS
999
_c
33879
_d
33879